Upkar Delhi general knowledge : (Record no. 61612)

MARC details
000 -LEADER
fixed length control field 00605nam a22001697a 4500
005 - DATE AND TIME OF LATEST TRANSACTION
control field 20120128170337.0
008 - FIXED-LENGTH DATA ELEMENTS--GENERAL INFORMATION
fixed length control field 120128t xxu||||| |||| 00| 0 eng d
020 ## - INTERNATIONAL STANDARD BOOK NUMBER
International Standard Book Number 8186877835
Terms of availability Rs 75.00
035 ## - SYSTEM CONTROL NUMBER
System control number B-29866
040 ## - CATALOGING SOURCE
Original cataloging agency DPL
Language of cataloging ENG
100 ## - MAIN ENTRY--PERSONAL NAME
Personal name Syed
9 (RLIN) 40302
245 ## - TITLE STATEMENT
Title Upkar Delhi general knowledge :
Remainder of title Comprehensive reference book on National Capital /
Statement of responsibility, etc by Syed
260 ## - PUBLICATION, DISTRIBUTION, ETC. (IMPRINT)
Place of publication, distribution, etc New Delhi
Name of publisher, distributor, etc Ramesh Publishing House
Date of publication, distribution, etc 2000
300 ## - PHYSICAL DESCRIPTION
Extent 336p.
Dimensions 22 cms.
942 ## - ADDED ENTRY ELEMENTS (KOHA)
Source of classification or shelving scheme Dewey Decimal Classification
Item type English Books
Classification part 000
Call number suffix RGU
Holdings
Withdrawn status Lost status Source of classification or shelving scheme Damaged status Not for loan Collection code Home library Current library Shelving location Date acquired Cost, normal purchase price Total Checkouts Full call number Barcode Date last seen Cost, replacement price Koha item type
    Dewey Decimal Classification     Non-fiction Sarojini Nagar Sarojini Nagar General Stacks 28/01/2012 75.00   000 RGU B-29866 28/01/2012 75.00 English Books

© Delhi Public Library
Hit Counter
free hit counter